| 000 | 00436nam a2200157Ia 4500 | ||
|---|---|---|---|
| 008 | 220216s9999 xx 000 0 und d | ||
| 100 | _aAmes Kimberly A | ||
| 245 | 0 | _aElastomers for shoe applications (2004 reviews) | |
| 260 |
_bRubber Chemistry and Technology _c2004 |
||
| 300 | _a413-475 | ||
| 650 | _aFootwear history | ||
| 650 | _aPolyurethane rubber | ||
| 650 | _aShoe diagram | ||
| 650 | _aThermoplastic rubber | ||
| 942 | _cJS | ||
| 999 |
_c58488 _d58488 |
||